00333nam a2200145Ia 4500003000500000008004100005020001800046040001900064082000700083100002100090245001900111260003700130300000800167546001200175STCL181203s9999 xx 000 0 und d a9780571218783 aSTCLbENcSTCL 222 aMistry, Rohinton 2aA Fine Balance bFaber and FaberaNew Delhic2004 a614 aEnglish